Sourcebook of planning information (Record no. 76670)

MARC details
000 -LEADER
fixed length control field 01026nam a2200205 a 4500
008 - FIXED-LENGTH DATA ELEMENTS--GENERAL INFORMATION
fixed length control field 120416s1971 ||||||||||||||||| || u
050 ## - LIBRARY OF CONGRESS CALL NUMBER
Classification number NA 9031 Whi
100 ## - MAIN ENTRY--PERSONAL NAME
Personal name White, Brenda
245 10 - TITLE STATEMENT
Title Sourcebook of planning information
246 ## -
-- a discussion of sources of information for use in urban and regional planning, and in allied fields
260 ## - PUBLICATION, DISTRIBUTION, ETC.
Place of publication, distribution, etc. London
Name of publisher, distributor, etc. Bingley
Date of publication, distribution, etc. 1971
300 ## - PHYSICAL DESCRIPTION
Extent 632p. : ill.
350 ## -
-- 0.00
650 ## - SUBJECT ADDED ENTRY--TOPICAL TERM
Topical term or geographic name entry element URBAN AND REGIONAL PLANNING
650 ## - SUBJECT ADDED ENTRY--TOPICAL TERM
Topical term or geographic name entry element PLANNING
650 ## - SUBJECT ADDED ENTRY--TOPICAL TERM
Topical term or geographic name entry element PLANNING INFORMATION
995 ## -
-- ANNEX COLLECTION (Main Library)
-- 0.00
-- 137968
-- CBU-MAIN LIBRARY (Kitwe)
-- 2
-- 0.00
-- NA 9031 Whi
-- 3
-- AVAILABLE
-- Jul 18, 2006
-- 010646
-- Annex Low-Usage Collection
995 ## -
-- ANNEX COLLECTION (Main Library)
-- 0.00
-- 708887
-- CBU-MAIN LIBRARY (Kitwe)
-- 1
-- 19.50
-- NA 9031 WHI
-- 1
-- AVAILABLE
-- 008862
-- Annex Low-Usage Collection
995 ## -
-- MAIN LIBRARY OPEN ACCESS
-- 0.00
-- 702997
-- CBU-MAIN LIBRARY (Kitwe)
-- 1
-- 0.00
-- NA 9031 Whi
-- 2
-- AVAILABLE
-- 010647
-- Main Library Open Access Collection
999 ## -
-- 76670
-- 76670
Holdings
Withdrawn status Lost status Source of classification or shelving scheme Damaged status Not for loan Permanent Location Current Location Shelving location Date acquired Total Checkouts Full call number Barcode Date last seen Copy number Price effective from Koha item type
          CBU-MAIN LIBRARY, KITWE. CBU-MAIN LIBRARY, KITWE.   04/25/2023   NA 9031 Whi 010646 04/25/2023 1 04/25/2023 MONOGRAPH
          CBU-MAIN LIBRARY, KITWE. CBU-MAIN LIBRARY, KITWE.   04/25/2023   NA 9031 Whi 008862 04/25/2023 2 04/25/2023 MONOGRAPH
          CBU-MAIN LIBRARY, KITWE. CBU-MAIN LIBRARY, KITWE.   04/25/2023   NA 9031 Whi 010647 04/25/2023 3 04/25/2023 MONOGRAPH